| 000 | 01282nam a22002777a 4500 | ||
|---|---|---|---|
| 001 | TZ 0092 | ||
| 003 | gtcocun | ||
| 005 | 20251003185723.0 | ||
| 006 | a||||gr|||| 00| 0 | ||
| 007 | ta | ||
| 008 | 251003b2023 gt ||||| m||| 00| 0 eng d | ||
| 040 |
_agtcocun _bSPA _cgtcocun _eRDA |
||
| 041 | _aSPA TZ 0092 | ||
| 084 | _0TZ 0092 | ||
| 100 |
_aGarcía Orantes, Robinson Antonio _eAutor |
||
| 245 |
_aINFORME DEL EJERCICIO PROFESIONAL SUPERVISADO REALIZADO EN LA GRANJA CHISAC S.A., UBICADA EN EL MUNICIPIO DE TACTIC, ALTA VERAPAZ EN EL AÑO 2017./ _cRobinson Antonio García Orantes. _hImpreso |
||
| 264 |
_aCobán, Alta Verapaz: _bUniversidad de San Carlos de Guatemala, Centro Universitario del Norte, Zootecnia _c2023 |
||
| 300 |
_a55 p.: _bIlustraciones, gráficas. _c28 cm; |
||
| 502 | _eTZ 0092 | ||
| 502 |
_aTesis de grado _bZootecnia, _cUniversidad de San Carlos de Guatemala, Centro Universitario del Norte, Zootecnia _d2023 _oTZ 0092 |
||
| 650 | 1 | 4 |
_2LEMB _aTactic, Alta Verapaz. _xZootecnia _xUnidad productiva _xControl y registro _xFoco de contaminación _xDesarrollo y microorganismos _xDesarrollo |
| 700 | _eAsesor | ||
| 856 |
_uSin archivo en línea. _zSin archivo en línea. |
||
| 942 |
_2ddc _cTES _iTZ 0092 _kClasificación _n0 _6TZ_0092_000000000000000 |
||
| 999 |
_c2225 _d2225 |
||